[Event "Olomouc AZ Sanace Cup"]
[Site "Olomouc"]
[Date "1998.08.16"]
[Round "9"]
[White "Stohl, Igor"]
[Black "Mokry, Karel"]
[Result "1-0"]
[WhiteElo "2540"]
[BlackElo "2495"]
[Annotator "Stohl,I"]
[PlyCount "68"]
[EventDate "1998.08.08"]
[EventType "tourn"]
[EventRounds "9"]
[EventCountry "CZE"]
[EventCategory "10"]
[SourceTitle "CBM 067"]
[Source "ChessBase"]
[SourceDate "1998.11.30"]
[SourceVersion "2"]
[SourceVersionDate "1998.11.01"]
[SourceQuality "1"]

{[%mdl 8712]} 1. d4 {Huebner,R.} d5 2. c4 c6 3. Nf3 Nf6 4. Nc3 Qb6 $6 {An old
and rather dubious subvariation, which experienced a surprising revival some
10 years ago and now remains quite rare. As it's time consuming, White has
more than one way to a comfortable edge.} 5. c5 $5 {[%csl Gc5] ()<<} (5. Qb3
Bf5 6. c5 Qxb3 (6... Qc7 $142 7. Bf4 Qc8 $14) 7. axb3 Na6 8. Bf4 Nb4 9. Ra4 a5
10. Bc7 Ne4 11. e3 Nc2+ 12. Ke2 f6 13. Ne1 e5 14. Nxc2 Nxc3+ 15. bxc3 Bxc2 16.
Ra3 a4 17. b4 Kd7 18. Bb6 exd4 19. Kd2 Bb3 20. cxd4 Be7 21. Bd3 g6 22. Rha1 f5
23. Bc2 $16 {Khasin,A-Cichocki,A/Koszalin op-A/1998/}) (5. e3 Bf5 6. Ne5 $1 e6
(6... h6 $143 7. g4 Bh7 8. cxd5 Nxd5 9. Nxd5 cxd5 10. Qa4+ Nc6 11. Bd2 e6 12.
Rc1 Rc8 13. b3 a6 14. Ba5 Qa7 15. Nxc6 b5 16. Bxb5 axb5 17. Qxb5 Qd7 18. O-O
Ba3 19. Ne5 Qxb5 20. Rxc8+ Ke7 21. Rxh8 Be4 22. Rb8 {1-0,Chernin,A-Stefanova,A/
Vienna Bawag/1996/}) 7. g4 Bg6 8. h4 Ne4 9. h5 Nxc3 10. bxc3 Be4 11. f3 f6 12.
fxe4 (12. Nd3 $6 Bxd3 13. Bxd3 Qc7 14. Qc2 Nd7 15. Kf2 O-O-O 16. cxd5 cxd5 17.
c4 dxc4 18. Qxc4 Qxc4 19. Bxc4 e5 20. Bb2 exd4 $132 {1/2,Lukacs,P-Varga,Z/
Express Budapest/1992/}) 12... fxe5 13. exd5 $36) (5. Qa4 $5 e6 (5... Qa6 $6 6.
Qc2 $1 Qxc4 7. e4 Qb4 8. Bd2 Qb6 9. e5 Ng8 10. Nxd5 Qd8 11. Ne3 e6 12. O-O-O
Ne7 13. Bb4 Nd5 14. Bxf8 Kxf8 15. h4 h6 16. Nc4 Na6 17. Kb1 Nac7 18. Nd6 Ne8
19. Nxe8 Qxe8 20. Nd2 Qe7 21. Ne4 Bd7 22. Rh3 Be8 23. Bc4 Rd8 24. Nd6 Kg8 25.
Ra3 a6 26. g3 g6 27. Rb3 Rd7 28. Bxd5 cxd5 29. Qc8 Kg7 30. Rxb7 $18 {Khalifman,
A-Seeman,T/Keres mem Tallin/1998/}) 6. e3 Nbd7 7. Qc2 Be7 8. Bd3 O-O 9. O-O Qc7
10. Bd2 b6 11. cxd5 cxd5 12. Rfc1 {[%cal Rc3d5] /\Nd5} Kh8 $6 (12... Qb8 $142
$14) 13. Nb5 Qxc2 14. Rxc2 a6 15. Nc7 Ra7 16. Rac1 Bb7 17. a3 g6 18. Bb4 Ng8
19. Bxe7 Nxe7 20. Nxe6 $1 fxe6 21. Rc7 Rd8 22. Ng5 Kg8 23. R1c3 $1 Nf5 24. Nxe6
Re8 25. Rxd7 Rxe6 26. Bxf5 gxf5 27. Rcc7 $18 {Glek,I-Baklan,V/Berliner Sommer/
1997/}) (5. Qc2 Bg4 6. c5 Qc7 7. Ne5 Nbd7 8. Nxg4 Nxg4 9. e4 e5 10. exd5 exd4
11. Qe4+ Qe5 12. dxc6 bxc6 13. Bf4 Qxe4+ 14. Nxe4 Nxc5 15. Nxc5 Bxc5 16. Ba6
Bb4+ 17. Ke2 $44 {Ac,M-Singliar,A/SVK-chT2/1997/}) 5... Qc7 6. g3 ({Too soft is
} 6. e3 Bf5 7. Be2 Nbd7 8. b4 e5 9. dxe5 Nxe5 10. Nxe5 Qxe5 11. Qd4 Nd7 12. Bb2
Qxd4 13. exd4 Be7 14. O-O Bf6 15. Nd1 h5 16. Re1 Kf8 17. Ne3 Be4 18. f3 Bg6 19.
Rad1 Re8 20. Bd3 Bxd3 21. Rxd3 g6 22. Kf2 Kg7 23. Rd2 a5 24. a3 axb4 25. axb4
Ra8 $15 {Milicic,T-Tesic,M/JUG-CupW Pula/1989/}) 6... Bf5 {A logical move,
Black continues his development and frees c8 for his Q.} (6... e5 $2 7. Nxe5
Bxc5 8. Nxf7 $1 $16) (6... b6 $143 7. Bf4 Qb7 8. cxb6 $5 (8. b4 g6 (8... a5 9.
Na4 $36) 9. Bg2 Bg7 10. O-O O-O 11. Qd2 $16 {[%csl Gb4,Gc5,Gd4] ()}) 8... axb6
9. Bg2 Bf5 10. O-O h6 11. Nd2 Nbd7 12. e4 dxe4 13. Ndxe4 Nxe4 14. Nxe4 Bxe4 15.
Bxe4 Nf6 16. Qf3 Nxe4 17. Qxe4 e6 18. Rac1 Rc8 19. d5 cxd5 20. Qa4+ b5 21.
Rxc8+ Qxc8 22. Qxb5+ Qd7 23. Qb8+ Qd8 24. Qe5 $36 {@,Stanec,N-Stefanova,A/
Vienna Bawag/1996/}) (6... Bg4 7. Bg2 Nbd7 8. Bf4 Qc8 9. O-O g6 10. h3 Bf5 11.
Nd2 Bg7 12. g4 Be6 13. e3 {[%csl Re6] ץe6} g5 14. Bxg5 h5 15. f3 Nh7 {Kozak,
M-Natali,N/Ischia op/1994/} 16. Bf4 $16) (6... Nh5 7. Bg2 (7. e4 $5 dxe4 8.
Nxe4 g6 9. Bg2 Bg7 10. O-O O-O 11. Re1 Bg4 12. h3 Bxf3 13. Bxf3 Nf6 14. Nc3 Na6
15. Qb3 Rfe8 16. Bf4 Qc8 17. Rad1 e6 18. Be5 Nc7 19. Nb1 Rd8 20. Na3 Nfe8 21.
Nc4 Nb5 22. Qe3 $1 f6 23. a4 fxe5 24. axb5 exd4 25. Qb3 cxb5 26. Qxb5 Rb8 27.
Bg4 $40 {Kagan,N-Pastorini,M/Forli op/1988/}) 7... g6 8. Qa4 Nd7 9. O-O Bg7 10.
e4 dxe4 11. Nxe4 O-O 12. Re1 Ndf6 13. Nc3 Rd8 14. Ne5 Ng4 15. Nxg4 {Paulsen,
D-Lehmann,H/2.BLN/1992/} Bxg4 16. d5 $16) (6... Nbd7 7. Bf4 Qa5 8. Bg2 Ne4 9.
O-O Nxc3 10. bxc3 e6 $6 (10... Qxc3 $142) 11. c4 Be7 12. Qc2 O-O 13. e4 Nf6 14.
e5 Ne8 15. a4 Bd7 16. Rfb1 Rb8 17. Ng5 Bxg5 18. Bxg5 f5 19. exf6 Nxf6 20. Bf4
Rbe8 21. Rxb7 $18 {Kiselev,S-Laketic,G/Belgorod/1990/}) 7. Bf4 Qc8 8. h3 {
Aimed to prevent the exchange of B, but as Black achieves this later anyway,
maybe this move is excessive.} ({Simpler is} 8. Bg2 $5 Bh3 9. O-O Bxg2 10. Kxg2
Nbd7 11. b4 $14 {[%cal Yb4b5,Ya2a6] |^<<}) 8... Ne4 $1 $146 {This new move is
certainly more active, than the already played} (8... h6 $143 9. Bg2 (9. g4 Bh7
10. e3 Nbd7 11. b4 e6 12. Bd3 Bxd3 13. Qxd3 Be7 14. Ke2 b6 15. Bg3 a5 16. a3
Qb7 17. Rab1 axb4 18. axb4 O-O 19. Nd2 Ra3 20. Ra1 Rfa8 21. Rxa3 Rxa3 22. Rb1
Ne4 23. Ndxe4 dxe4 24. Qd2 bxc5 25. bxc5 Qa6+ 26. Ke1 Bd8 $1 $40 {Van Wely,
L-Seeman,T/Haarlem op/1995/}) 9... Nbd7 10. O-O e6 11. b4 $36 {()}) 9. Bg2 (9.
Nxe4 Bxe4 10. Bg2 Nd7 11. O-O Bxf3 $5 (11... g6 $11) 12. exf3 (12. Bxf3 e5 $1
$13) 12... e6 $132 {[%csl Rd4][%cal Yf8e7,Ye7f6] /\Be7-f6,><d4}) 9... Nxc3 10.
bxc3 Be4 $6 {The right idea, but the move order is wrong.} (10... Nd7 $142 11.
Nh4 (11. O-O b6 $1 (11... Be4 {-10...Be4?!}) 12. Nh4 Be6 13. cxb6 axb6 $13) (
11. Nd2 e5 12. Be3 Be7 13. c4 Bf6 $1 $132) 11... Be6 12. c4 (12. e4 dxe4 13.
Bxe4 Nf6 $11) 12... dxc4 13. e4 Nf6 14. d5 $44) 11. O-O ({An interesting
strategical decision and probably a better move is} 11. Bxb8 $5 Rxb8 (11...
Qxb8 12. O-O {[%cal Rf3e5] /\Ne5} Bxf3 13. Bxf3 b6 14. e4 $40) 12. Qa4 a6 13.
O-O {[%cal Gb1b8] @,<->b} Bxf3 $8 (13... e6 14. Ne5 $16 {[%csl Ge5]}) 14. Bxf3
{[%cal Rf3d5] /\Bd5} (14. exf3 $5 e6 15. f4 $36 {[%csl Gc3,Gc5,Gd4,Gf4] ()})
14... e6 15. e4 $16 {[%csl Rb7,Gc3,Gc5,Gd4,Ge4,Gf3,Rf8][%cal Ya1b1,Yb1b3,Yf1b1]
[+],/\Rb1-b3,Rb1,><b7,^- White's B is more active, he has more space and a
better pawn structure. Black's fate is dreary defence.} (15. Rab1 $16)) 11...
Nd7 (11... Bxf3 12. Bxf3 $1 Nd7 (12... Qxh3 $2 13. Qb3 Qc8 14. Rab1 $16 {
[%csl Ra7,Rb7] ׫}) 13. e4 $16) 12. Ne5 $1 $36 {@ Black is behind in
development and still has to solve the problem of the weak b-pawn.} Bxg2 13.
Kxg2 Nxe5 (13... f6 $142 $5 14. Nxd7 Qxd7 15. Qb3 {[%cal Ra1b1,Rc3c4] /\Rab1,
c4+/-} e5 $1 16. Be3 $14) 14. Bxe5 f6 15. Bf4 b6 $2 {Huebner,R: 'Schwarz
sollte die Stellung nicht vor der Beendigung seiner Entwicklung öffnen.'} (
15... e6 16. Qb3 $16) (15... g5 16. Bd2 e6 {Huebner,R: 'sollte zu einer für
Schwarz haltbaren Stellung führen.'} (16... Bg7 {(Huebner,R) sollte zu einer
für Schwarz haltbaren Stellung führen.}) 17. e4 $16 (17. f4 $5 $40)) (15... e5
$142 $5 16. dxe5 (16. Be3 $36) 16... Bxc5 17. exf6 gxf6 18. e4 Qe6 $5 19. Qh5+
Qf7 20. Qf5 $5 O-O 21. c4 $36 {[%csl Rg8] ע}) 16. cxb6 axb6 17. Qb3 Qa6 $8 (
17... b5 18. a4 $16) (17... Ra6 18. c4 $16 {[%csl Rb6,Rc6,Re8] ><b6,c6,Ke8})
18. a4 {[%csl Rb6][%cal Rf4c7,Rf1b1] ><b6,/\Rfb1,Bc7} (18. Rfb1 $143 b5 19. e4
e6 $1 $14) 18... Kd7 $5 (18... Ra7 19. Rfb1 Rb7 20. a5 b5 21. e4 $1 $16 {
[%csl Ga5,Ra6] ->,o^a5,ףa6}) (18... e6 {(Huebner,R) wird mit} 19. Bc7 {
beantwortet; Schwarz hat bereits Schwierigkeiten.}) 19. e4 (19. Rfc1 g5 20. Bd2
e6 21. c4 Be7 22. a5 b5 $1 $14) (19. Rfb1 $142 $5 g5 20. Bd2 (20. Bc1 $5) 20...
Rb8 21. a5 Qxe2 22. Be3 $40) 19... e6 (19... dxe4 20. d5 c5 21. Qb5+ $5 (21.
Rfb1 $16) 21... Qxb5 (21... Kd8 22. Qc6 Rc8 23. Qe6 $40) 22. axb5 $16 {[%cal
Ga1a8] <->a}) 20. Rfe1 (20. Rfb1 dxe4 $5 (20... g5 21. exd5 $5 $44) 21. Qxb6
Qxb6 22. Rxb6 g5 $1 23. Be3 (23. Rb7+ $6 Kc8 $1 24. Rc7+ Kd8 25. Rxc6 gxf4 $17)
23... Bd6 24. a5 Rhb8 $14) 20... Bd6 $8 (20... Be7 21. exd5 cxd5 (21... exd5
22. a5 $1 b5 (22... bxa5 23. Rxa5 $18) 23. Qc2 g6 24. Qe2 $18) 22. Rxe6 $1 Kxe6
23. Re1+ Kf7 24. Qxd5+ Kf8 25. Bd6 $1 (25. Rxe7 Kxe7 26. Bd6+ Kd7 $11) 25...
Bxd6 26. Qxd6+ Kf7 (26... Kg8 27. Re7 h6 (27... Qc4 28. Rc7 $1 Qb3 29. Qd7 $18)
28. Qe6+ Kh7 29. Qf5+ Kg8 30. Qg6 Rh7 31. Re8+ $18) 27. Re7+ Kg6 28. Qe6 Kh6
29. Qf7 Rag8 30. g4 Qa5 31. Re5 $1 $18 (31. f4 {[%cal Rh3h4] /\h4+-})) 21. exd5
$6 {This move and the whole following combination was inspired mostly by
Black's lack of time (he had only 2-3 minutes left.)} ({A more logical
positional course was} 21. Bxd6 $142 Kxd6 22. e5+ (22. Qb4+ c5 $132 (22... Kd7
23. e5 $14)) 22... fxe5 23. Rxe5 Rhf8 24. Qc2 g6 25. h4 $1 $36 {[%csl Rd6,Re6,
Rg6][%cal Yh4h5] /\h5,עd6,e6,g6 with permanent and strong pressure.}) (21. e5
$5 $36) 21... cxd5 $8 (21... exd5 22. Bxd6 Kxd6 23. Qb4+ c5 24. dxc5+ bxc5 25.
Qf4+ $18 {->}) 22. Rxe6 $6 {Huebner,R: 'Dies ergibt nicht mehr als remis.
Nach' This sacrifice should have lead only to a draw.} (22. Bxd6 Kxd6 23. f4 $5
$14 {[%cal Rf4f5] /\f5} (23. Re3 {Huebner,R} Rhe8 {hätte Schwarz große Sorgen.}
)) 22... Kxe6 23. Re1+ Be5 $1 {[]} (23... Kd7 24. Qxd5 b5 25. Re6 $18) 24. Bxe5
(24. dxe5 $6 f5 25. Qb4 Rhd8 $13) 24... Qc4 $2 $138 {'?!' Huebner,R. A
decisive tactical miscalculation with a rising flag.} (24... Qb7 $2 25. Bd6+ $1
Kxd6 (25... Kf7 26. Re7+ Qxe7 27. Bxe7 Kxe7 28. Qxd5 $18) 26. Qb4+ Kc6 27. Re6+
Kd7 28. Re7+ Kc8 29. Rxb7 Kxb7 30. Qe7+ $18) (24... fxe5 $1 {[]} 25. Rxe5+ Kd7
(25... Kf6 $2 26. Qxd5 (26. c4 {(Huebner,R) führt zum Matt.}) 26... g6 27. Qd6+
Kg7 28. Re7+ Kh6 29. Qf4+ $18) 26. Qxd5+ Kc8 {Huebner,R: 'hat Weiß nichts
Besseres als Dauerschach.'} (26... Kc7 $2 27. Re7+ $18) 27. Qc6+ (27. Re7 Ra7
$1 {After the game Mokry confessed he overlooked this move.} 28. Qc6+ Kb8 29.
Qd6+ Kc8 $11 (29... Ka8 30. Qd5+ Rb7 31. Rxg7 $44)) 27... Kb8 $8 (27... Kd8 $2
28. Rd5+ $18) 28. Qd6+ $11) 25. Bd6+ $1 (25. Bxf6+ $2 Kf7 $1 (25... Kxf6 26.
Qxb6+ Kf7 $8 27. Qb7+ Kf6 28. Qe7+ Kg6 29. Re6+ $18) 26. Qxb6 (26. Qxc4 dxc4
27. Be5 Rxa4 $15) 26... gxf6 27. Qe6+ Kg7 28. Qg4+ Kf8 29. Qe6 Kg7 $11 (29...
Qa6 30. Qe7+ Kg8 31. Re6 $40)) 25... Kf7 {'?' Huebner,R.} (25... Kxd6 26. Qxb6+
Kd7 (26... Qc6 27. Re6+) 27. Qb7+ Qc7 (27... Kd6 28. Qe7+ $18) 28. Qxd5+ Qd6
29. Qb7+ Qc7 30. Re7+ $18) (25... Kd7 $142 26. Qxb6 Rhe8 27. Rxe8 Rxe8 (27...
Kxe8 {scheitert an} 28. Qb7) 28. Bb4 $16 {->/\} (28. Bc5 {Huebner,R} Qxa4 29.
Qd6+ Kc8 30. Qxd5 Qd7 {und es ist mir noch nicht klar, ob die Stellung des
Weißen als Gewinnstellung bezeichnet werden kann.}) 28... Re1 29. Qd6+ Ke8 30.
Qf8+ Kd7 31. Qxg7+ Kc8 32. Qg8+ Kd7 33. Qxh7+ Kc6 34. g4 Qf1+ 35. Kg3 $18) 26.
Re7+ {'+-' Huebner,R.} Kg8 (26... Kg6 27. Qc2+ Kh6 28. Qf5 {[%cal Rd6f4] /
\Bf4+- Huebner,R: 'überlebt Schwarz nicht lange.'}) 27. Qxb6 $18 {[%cal Rb6b7]
/\Qb7} Qc8 28. Rc7 Qa6 (28... Qd8 29. Qb7 $18) (28... Qb8 29. Qc6 h6 30. Qxd5+
Kh7 31. Rxg7+ $18) 29. Qxa6 Rxa6 30. Rc8+ Kf7 31. Rxh8 Rxd6 32. Rc8 (32. Rxh7
$6 Rc6 $16) 32... Rd7 (32... Ra6 33. Rc7+ Kf8 34. Rc5 Rxa4 35. Rxd5 $18) 33. a5
Ke6 34. Rc6+ Kf5 (34... Kf5 35. Kf3 $18 {[%cal Ra5a6] /\a6}) 1-0

[Event "Petrosian Memorial Internet"]
[Site "ICC INT"]
[Date "2004.12.21"]
[Round "4"]
[White "Lautier, Joel"]
[Black "Bu, Xiangzhi"]
[Result "1/2-1/2"]
[WhiteElo "2682"]
[BlackElo "2615"]
[Annotator "Stohl,I"]
[PlyCount "60"]
[EventDate "2004.12.18"]
[EventType "team"]
[EventRounds "6"]
[EventCountry "USA"]
[SourceTitle "CBM 105"]
[Source "ChessBase"]
[SourceDate "2005.04.11"]
[SourceVersion "1"]
[SourceVersionDate "2005.04.11"]
[SourceQuality "1"]

1. d4 d5 2. c4 c6 3. Nc3 Nf6 4. e3 a6 5. Nf3 b5 6. c5 $5 {A recent attempt,
White plays for a ().} ({Simplification with} 6. cxd5 cxd5 7. Ne5 e6 $11 {
[%cal Yc8b7,Yf8d6] /\Bb7,Bd6 gives Black suffcient [+] control and doesn't
promise White an edge.}) ({Keeping the tension with} 6. b3 Bg4 7. Be2 {has
lost its reputation of giving White a small, but riskless advantage:} e6 8. O-O
Nbd7 9. h3 Bh5 10. Bb2 Bd6 11. Ne5 Bxe2 12. Nxe2 {Black can play even the
older continuation} Qc7 (12... bxc4 $5 13. bxc4 O-O 14. Rb1 (14. Qc2 Qc7 15.
Nd3 Ne4 16. Rfd1 Rfc8 17. c5 Be7 18. f3 Ng3 19. Nxg3 Qxg3 20. Bc3 e5 21. Qf2
Qg6 22. Rab1 Rab8 23. Rb3 Rb5 24. Ra3 Ra8 25. Ra4 exd4 26. exd4 $11 {1/2,
Georgiev,K-Movsesian,S/Calvia olm/2004/}) 14... Qc7 15. Nxd7 Qxd7 16. Qa4 Rfb8
17. Bc3 Qc8 18. Rfc1 Rxb1 19. Rxb1 Rb8 20. Rb3 dxc4 21. Qxc4 Rxb3 22. Qxb3 Nd5
23. g3 c5 24. dxc5 Qxc5 25. Bd4 Qc6 26. Nc3 Nxc3 $11 {1/2,Epishin,V-Bareev,E/
RUS-ch Moscow/2004/}) 13. cxd5 cxd5 14. Rc1 Qb8 15. Nxd7 Nxd7 16. e4 dxe4 17.
d5 O-O 18. dxe6 Nc5 19. Nf4 Ra7 20. Nh5 ({Too tame is} 20. Bd4 Bxf4 21. Bxc5
Bxc1 22. Bxa7 Qxa7 23. exf7+ Rxf7 24. Qxc1 Qc7 25. Qb2 Rd7 26. Qe2 Qf4 $11 {
Gyimesi,Z-Movsesian,S/CRO-chT Rabac/2004/}) 20... Nxe6 $1 21. Nf6+ gxf6 22.
Qg4+ Ng5 23. Bxf6 h6 24. Rc6 Bh2+ $1 25. Kh1 Be5 26. h4 Bxf6 $1 27. Rxf6 Qc8
28. Rf5 (28. Qg3 Qb8 29. Qg4 {1/2,Morovic Fernandez,I-Leitao,R/Santos/2004/})
28... f6 29. hxg5 hxg5 (29... fxg5 $5 30. Rxf8+ Qxf8 31. Qxe4 Qf6 $11) 30. Qxe4
Rh7+ $132) 6... g6 {[%mdl 4] Black is patient and wants to address any
positional problems only after developipng his >>. Compared with Catalan
positions the /^c8-h3 is free for the Bc8 and it would be only natural to
develop it immediately. However, this doesn't seem to give Black equality:} (
6... Bf5 7. Ne5 {[%cal Yg2g4] /\g4|^>>} {The most sensible is} Nfd7 $5 (7... h5
$6 8. Qb3 $1 Ng4 9. Nxg4 (9. e4 $142 $1 $16 {/\} Bxe4 10. Nxf7 $1 $40) 9...
hxg4 10. a4 Nd7 11. Na2 Qc8 12. Nb4 Qb7 $2 ({Black could have countered
White's thematic plan with Huebner's suggestion} 12... Be4 $1 13. Qa2 Rb8 14.
axb5 axb5 15. Qa6 Rh6 $132) 13. Qa2 Rc8 14. axb5 axb5 15. Qa6 Qxa6 16. Rxa6 Nb8
17. Ra8 Kd7 18. e4 $1 Bxe4 19. Bf4 e5 20. Bxe5 Be7 21. Be2 Ke6 22. Rxb8 Rxb8
23. Bxb8 Rxb8 24. Bxg4+ f5 25. Nxc6 $18 {Dreev,A-Ni Hua/RUS-CHN m/2004/}) ({
Too modest is} 7... g6 8. g4 Be6 9. Bg2 Bg7 10. Bd2 O-O 11. f4 Qc8 12. h3 a5
13. a3 Ne8 14. Nd3 Nd7 15. Ne2 f6 16. O-O Bf7 17. f5 e5 18. fxe6 Bxe6 19. Ndf4
Bf7 20. Ng3 $36 {Prusikin,M-Manik,M/Mitropa/2004/}) 8. g4 Bg6 9. Nxg6 hxg6 10.
f4 $14 {()}) ({More logical is} 6... Bg4 {, but here White has a choice:} {
More ambitious and more dangerous is} 7. Qb3 $5 {[%csl Ra6,Rb5,Rc6][%cal Rf3e5,
Ya2a4] /\Ne5,a4,׫} ({Simple, but pleasant for White is} 7. h3 Bxf3 8. Qxf3
Nbd7 (8... g6 9. Qd1 Bg7 10. f4 $1 {()} b4 11. Na4 Ne4 12. Bd3 Ng3 13. Rg1 f5
14. Bd2 a5 15. Nb6 Ra7 {Savchenko,S-Rogozenko,D/Bundesliga 0304/2004/} 16. a3
$16) 9. g4 e5 10. g5 e4 11. Qg2 Ng8 12. h4 g6 13. f3 (13. h5 $5 $14) 13... exf3
14. Qxf3 Bg7 15. Bd2 f5 16. O-O-O Nf8 17. Bd3 Ne7 18. Be1 Ne6 19. Bg3 Qd7 20.
Ne2 O-O-O $14 {/=,Zvjaginsev,V-Amonatov,F/RUS-chT Sochi/2004/ White is
slightly better, but Black's solid position remains a very tough nut to crack.}
) 7... Nbd7 (7... Bxf3 8. gxf3 e6 {is too passive and allows White to take
control on the <<:} 9. a4 Nbd7 10. Qa3 Rc8 11. Bd2 g6 12. axb5 axb5 13. Qa6 Nb8
14. Qb7 Rc7 15. Qa8 $36) 8. a4 e5 9. Qa3 $1 Bxf3 10. gxf3 Rb8 (10... Rc8 11.
axb5 axb5 12. Bh3 exd4 13. exd4 Be7 14. Qa5 O-O 15. Qxd8 Rfxd8 16. Ra6 g6 17.
O-O Nh5 18. Re1 Bh4 19. Na2 f5 20. Nb4 Nb8 21. Rb6 Rd7 22. Bf1 Bd8 23. Rxb8 $1
Rxb8 24. Nxc6 Ra8 25. Bxb5 $16 {Hillarp Persson,T-Arlandi,E/Calvia olm/2004/
also illustrates the vulnerability of Black's <<}) 11. axb5 axb5 12. Qa6 (12.
Qa5 Qe7 $6 13. Ne2 g6 14. Qc7 Bh6 {Radjabov,T-Smirnov,P/FIDE WCh/2004/} 15.
Qxc6 O-O 16. b4 $16) 12... Qc8 13. Qxc8+ Rxc8 14. Bh3 Rc7 15. Ra6 g6 16. Na2
Bg7 17. Ke2 O-O 18. Bd2 Nb8 19. Ra8 exd4 20. exd4 Nh5 21. Kd3 f5 22. Nb4 Rfc8
23. Rha1 Bf6 24. Be3 Bd8 25. Bf1 $16 {Johannesson,I-Agdestein,E/Gibraltar op/
2005/}) ({Black has also tried} 6... Nbd7 {More dangerous is the modified plan}
7. b4 $5 {[%cal Ra2a4] /\a4|^} (7. h3 Qc7 (7... g6 $5 {is a patient and
playable alternative.}) 8. g4 e5 9. g5 Ng8 10. e4 b4 11. Na4 dxe4 12. Nd2 Ne7
13. Nxe4 Nf5 14. Bc4 exd4 15. Qb3 Nxc5 16. Naxc5 Bxc5 17. Nxc5 Qe7+ 18. Kd1
Qxc5 19. Bxf7+ Kd8 20. Bd2 a5 21. Rc1 Qd6 22. Qf3 {Sakaev,K-Sokolov,I/EU-Cup
Izmir/2004/} Qd7 $5 $13 {[%cal Rd7f7,Yd8c7] /\Qf7,Kc7}) (7. Qb3 a5 $1 {and
Black's << holds, White's N can't go to e5 and the violent} 8. e4 $6 {runs into
} a4 9. Qc2 b4 $15) 7... a5 8. bxa5 Qxa5 (8... e5 $5 9. Bd2 e4 10. Ng1 Rxa5 11.
a4 bxa4 12. Rxa4 Rxa4 13. Qxa4 Qc7 14. Na2 Be7 15. Nb4 Nb8 16. Ne2 O-O 17. Nc3
Bb7 18. Be2 Nbd7 19. Na6 {Dreev,A-Korotylev,A/RUS-ch Moscow/2004/} Bxa6 20.
Qxa6 Rb8 $14 {/+/=}) 9. Bd2 b4 10. Nb1 Ne4 11. Be2 e5 12. O-O Nxd2 13. Nbxd2
exd4 (13... Be7 14. Ne1 O-O 15. Nc2 Bf6 16. a3 b3 $8 17. Nxb3 Qa4 18. Nb4 Re8
19. Bg4 Nf8 20. Bxc8 Rexc8 21. dxe5 Bxe5 22. Nd4 Qxd1 23. Rfxd1 Bxd4 24. exd4
Ra4 $14 {Dreev,A-Grischuk,A/RUS SuperCup 5'/2004/}) 14. exd4 Be7 15. Ne1 O-O
16. Nc2 Ba6 $5 17. a3 b3 18. Nxb3 Qa4 19. Bxa6 Rxa6 20. Nb4 Raa8 21. Nd2 Rfc8
22. Qxa4 Rxa4 23. Rfe1 Bf6 24. Nb3 Nf8 25. g3 Ne6 26. Red1 g5 27. Rd3 g4 28.
Kg2 h5 $44 {/+/=,Dreev,A-Rublevsky,S/RUS SuperCup 5'/2004/ In both Dreev's
blitz games White faced a very difficult technical task of realizing his extra
P with his pieces pinned down to the defence of ><a3 and d4, in the end it
proved insufficent to win.}) 7. Bd3 $146 {[%mdl 8]} ({Bu Xiangzhi and Ni Hua
scored 3/4 with this line in the event. The first try to take Black's fortress
was} 7. Ne5 Bg7 8. Be2 O-O 9. O-O Nfd7 10. f4 Nxe5 11. fxe5 f6 (11... a5 $142
$5 $13) 12. exf6 exf6 13. Bf3 $6 (13. e4 $142 $1 {/\} b4 14. Na4 dxe4 15. Nb6
Ra7 16. Qb3+ $36 {was the only attempt to fight for an advantage.}) 13... f5
14. Bd2 a5 $11 {1/2,Dreev,A-Ni Hua/Petrosian mem ICC/2004/}) ({A later round
featured} 7. Bd2 a5 $142 $1 (7... Bg7 8. b4 Bg4 9. h3 Bxf3 10. gxf3 $5 Nbd7 11.
f4 O-O 12. a4 Ne8 13. Bd3 e6 14. Ne2 f5 (14... f6 15. h4 e5 16. f3 $1 {[%cal
Rh4h5] /\h5->}) 15. Ng1 Ndf6 16. Nf3 Ne4 17. O-O Nc7 $14 {Although Black
didn't get <=> in the [+] and is under pressure on the <<, White still has to
prove he has something more concrete than a ().} 18. Qe2 Kh8 19. Kh2 Bf6 20.
Rg1 Rg8 21. Be1 g5 22. axb5 cxb5 $5 23. fxg5 Nxg5 24. Nxg5 Bxg5 25. f3 Qf6 26.
Bf2 Bh4 27. Qe1 Bxf2 28. Qxf2 Qh6 29. h4 (29. f4 $11) 29... f4 30. Rae1 $2 (30.
Kh1 $13 {/\} fxe3 $6 31. Qh2 $36) 30... fxe3 31. Rxe3 Qf4+ 32. Kh3 Rxg1 33.
Qxg1 Rg8 $19 {->,Aronian,L-Bu Xiangzhi/Petrosian mem ICC/2004/}) 8. a3 ({
White can return to Dreev's plan with} 8. Ne5 {, but including the move 7.Bd2
a5 can hardly improve his chances.}) 8... Bg7 9. b4 O-O (9... Ne4 $5 $132) 10.
Bd3 Re8 11. O-O Bg4 12. bxa5 e5 $1 13. Be2 Bxf3 14. Bxf3 Rxa5 15. a4 bxa4 16.
Rxa4 Rxa4 17. Qxa4 Nfd7 18. Rb1 Qf6 19. Rb4 exd4 20. exd4 Bh6 $1 21. Qd1 Bxd2
22. Qxd2 Qf4 $1 23. Qd1 Ne5 24. Be2 Ng4 25. Bxg4 Qxg4 26. Rb1 Qf5 27. h3 Nd7
28. Qg4 Qxg4 29. hxg4 Ra8 $11 {Lputian,S-Ni Hua/Petrosian mem ICC/2004/}) (7.
Qb3 Bg7 (7... a5 {attempts to blackade the <<, but after} 8. Ne5 $1 {White has
dangerous tactical chances, connected with piece sacrifices on c6 or b5, e.g.,}
Nfd7 $2 9. Nxd5 $1 Nxe5 10. Nb6 $16) 8. a4 Bb7 {Black just as in our game
ptiently prepares his [+] play:} 9. axb5 cxb5 $5 10. Ne5 O-O 11. f4 Nfd7 12.
Nf3 e6 13. Be2 Nc6 14. O-O h6 15. Bd2 g5 16. g3 gxf4 17. gxf4 Kh8 18. Kh1 Rg8
19. Rg1 Qe7 20. Rg3 Nf6 21. Be1 b4 22. Nd1 Ne4 23. Rg2 a5 $11 {Sargissian,
G-Kotanjian,T/Yerevan op/2004/}) (7. b4 $5 {is a possible idea, which still
has to be tested in practice.}) 7... Bg7 8. h3 O-O 9. O-O Nbd7 10. Re1 a5 (
10... Qc7 $5 {[%cal Ye7e5] /\} 11. e4 $6 b4 12. Na4 Nxe4 13. Bxe4 dxe4 14. Rxe4
Nf6 $15) 11. a3 Qc7 12. e4 {Otherwise Black would play e5 himself with an
excellent position.} dxe4 13. Nxe4 Nxe4 14. Bxe4 Rd8 (14... Nf6 15. Bc2 Rd8 (
15... Be6 $6 16. Rxe6 $1 fxe6 17. Ng5 $44 {->}) 16. Qe2 {-14...Rd8}) 15. Qe2
Nf6 16. Bc2 Be6 17. Bg5 Re8 $1 {The d5-square is reserved for the B, not the N.
} 18. Qd2 Bd5 19. Ne5 Rad8 20. Bf4 Qa7 21. Bh6 Qc7 22. Bxg7 Kxg7 23. Rad1 a4
$11 {[%csl Rd4,Rg7] Black's position is solid even without the dark-sqaured B,
pressure against d4 prevents White from fully concentrating his forces against
Black's >>.} 24. Qc3 Nd7 25. Nd3 Nf6 26. Nb4 Be6 27. Be4 Bd5 {Black doesn't
want to exchange his N for White's B, but has nothing against exchanging his B
for White's N. Thus the game ends by repetition.} (27... Nxe4 $6 28. Rxe4 Bd5
29. Re5 $14) 28. Bc2 Be6 {[%cal Yf6d5] /\Nd5} 29. Be4 Bd5 30. Bc2 Be6 1/2-1/2